الخضار المطبوخة / (رقم التسجيلة. 16409)

تفاصيل مارك
000 -LEADER
fixed length control field 00462nam a22001697a 4500
005 - DATE AND TIME OF LATEST TRANSACTION
control field 20251108164855.0
008 - FIXED-LENGTH DATA ELEMENTS--GENERAL INFORMATION
fixed length control field 250721s1987 xx 000 0 ara d
082 14 - DEWEY DECIMAL CLASSIFICATION NUMBER
Classification number 641.5/نجو
100 1# - MAIN ENTRY--PERSONAL NAME
Personal name رستم، نجوى
245 10 - TITLE STATEMENT
Title الخضار المطبوخة /
264 1# - PRODUCTION, PUBLICATION, DISTRIBUTION, MANUFACTURE, AND COPYRIGHT NOTICE
Place of production, publication, distribution, manufacture الرياض :
Name of producer, publisher, distributor, manufacturer دار المريخ للنشر،
Date of production, publication, distribution, manufacture, or copyright notice 1987.
300 ## - PHYSICAL DESCRIPTION
Extent 40ص : مص
490 0# - SERIES STATEMENT
Series statement دليلك سيدتي
650 17 - SUBJECT ADDED ENTRY--TOPICAL TERM
Topical term or geographic name as entry element الطبخ
942 ## - ADDED ENTRY ELEMENTS (KOHA)
Source of classification or shelving scheme Dewey Decimal Classification
Koha item type كتب
المقتنيات
حالة السحب حالة الفقدان مصدر التصنيف حالة التلف غير قابل للإعارة المكتبة الرئيسية المكتبة الحالية موقع الرف تاريخ التزويد الرقم المتسلسل Total Checkouts رقم الإستدعاء تاريخ آخر ظهور تاريخ الفاتورة نوع المادة (كوها) الباركود
    Dewey Decimal Classification Unchecked   مكتبة أم قصير والمقابلين العامة مكتبة أم قصير والمقابلين العامة الإعارة 06/07/2004 4239   641.5/نجو 28/07/2025 06/07/2004 كتب  
    Dewey Decimal Classification     مكتبة صويلح العامة مكتبة صويلح العامة الإعارة 12/06/2019 [11949]   641.5/نجو 28/07/2025 12/06/2019 كتب PLD00454077
Implemented & Customized by: BBB with SCIT (Smart Chains for Information Technology)

Powered by Koha